Data mining: concepts and techniques

Salvato in:
Dettagli Bibliografici
Autori principali: Han, Jiawei (Autore), Kamber, Micheline (Autore)
Natura: Libro
Lingua:inglese
Pubblicazione: San Francisco : Morgan Kaufmann Publishers, 2001
Soggetti:
Tags: Aggiungi Tag
Nessun Tag, puoi essere il primo ad aggiungerne!!

MARC

LEADER 00000nam a22000003a 4500
001 stu78023
005 20200629104339.0
008 021120s2001----xxu-----------------eng-d
020 |a 1-55860-489-8 
040 |a STU  |b slo 
041 0 |a eng 
044 |a xxu 
080 |a 681.32.016 
080 |a 519.683.5 
080 |a 519.878 
084 |a C7250  |2 INS 
100 1 |a Han, Jiawei  |4 aut 
245 1 |a Data mining: concepts and techniques 
260 |a San Francisco :  |b Morgan Kaufmann Publishers,  |c 2001 
300 |a 550 s 
650 7 |a AIS  |2 stusub 
650 7 |a dátabázové systémy  |2 stusub 
650 7 |a neurálne siete  |2 stusub 
650 7 |a vyhľadávanie informácií  |2 stusub 
650 7 |a automatizované informačné systémy  |2 stusub 
650 7 |a učiace sa systémy  |2 stusub 
650 7 |a fuzzy množiny  |2 stusub 
650 7 |a evolučné algoritmy  |2 stusub 
650 7 |a Bayesove metódy  |2 stusub 
700 1 |a Kamber, Micheline  |4 aut 
996 |c I*10DS5419  |l II680  |s A  |a 24  |w stu78023_0001